Normal view
MARC view
Entry Personal Name
001 - CONTROL NUMBER
- control field: 1158
003 - CONTROL NUMBER IDENTIFIER
- control field: dpl
005 - DATE AND TIME OF LATEST TRANSACTION
- control field: 20100724111713.0
008 - FIXED-LENGTH DATA ELEMENTS
- fixed length control field: 100724|||a|||||| | ||| d
040 ## - CATALOGING SOURCE
- Original cataloging agency: dpl
- Transcribing agency: dpl
100 ## - HEADING--PERSONAL NAME
- Personal name: Dyson, Ketaki Kushari
670 ## - SOURCE DATA FOUND
- Source citation: Work cat.: (dpl): The selected poems of buddhadeva bose /, 2003
670 ## - SOURCE DATA FOUND
- Source citation: Work cat.: (dpl): The selected poems of buddhadeva bose /, 2003
